[Event "2nd Yerevan Open"]
[Site "?"]
[Date "2017.09.25"]
[Round "7.26"]
[White "Gharagyozyan , Artur"]
[Black "Nadanian , Ashot"]
[Result "0-1"]
[WhiteElo "2170"]
[BlackElo "2344"]
[PlyCount "58"]

1. Nf3 d5 2. g3 Nf6 3. Bg2 c6 4. O-O Bf5 5. d3 e6 6. Nh4 Bg4 7. h3 Bh5 8. g4
Bg6 9. Nxg6 hxg6 10. e4 Nbd7 11. exd5 cxd5 12. c4 Nb6 13. Nc3 Be7 14. a4 a5 15.
Bf4 Rc8 16. Qb3 dxc4 17. dxc4 Rxc4 18. Rfd1 Nfd7 19. Rxd7 Qxd7 20. Qxb6 Rxf4
21. Rd1 Rb4 22. Qxa5 Qc8 23. Qa7 Rxb2 24. Qd4 Bf6 25. Qd6 Bxc3 26. Rc1 Rb3 27.
Bf1 Qd7 28. Qc5 Bf6 29. g5 Rg3+ 0-1

[Event "2nd Yerevan Open"]
[Site "?"]
[Date "2017.09.25"]
[Round "7.27"]
[White "Nalbandyan , Vahan"]
[Black "Danielyan , Vahe"]
[Result "0-1"]
[WhiteElo "1910"]
[BlackElo "2331"]
[PlyCount "52"]

1. Nf3 d5 2. g3 Nc6 3. Bg2 e5 4. d3 Nf6 5. O-O Be7 6. Nbd2 O-O 7. e4 d4 8. h3
Ne8 9. Nc4 f6 10. Nh4 Be6 11. f4 Bxc4 12. dxc4 Bc5 13. Kh2 Nd6 14. Qg4 Qe8 15.
Nf5 Nxf5 16. exf5 Rd8 17. Bd5+ Kh8 18. fxe5 Nxe5 19. Qe4 c6 20. Be6 d3 21. cxd3
Qh5 22. g4 Qh4 23. g5 Qh5 24. Bd5 cxd5 25. cxd5 Nf7 26. Rf4 Nxg5 0-1

[Event "2nd Yerevan Open"]
[Site "?"]
[Date "2017.09.25"]
[Round "7.28"]
[White "Li , Bo"]
[Black "Pluzyan , Aram"]
[Result "1-0"]
[WhiteElo "2330"]
[BlackElo "2079"]
[PlyCount "145"]

1. d4 Nf6 2. Nf3 b6 3. g3 Bb7 4. Bg2 d5 5. O-O e6 6. c4 Nbd7 7. Qa4 c6 8. Nc3
Bd6 9. Nd2 O-O 10. e4 dxe4 11. Ndxe4 Nxe4 12. Nxe4 Be7 13. Bf4 Nf6 14. Nxf6+
Bxf6 15. Rad1 Qc8 16. Bd6 Rd8 17. c5 Qd7 18. Rfe1 Be7 19. Bxe7 b5 20. Qb3 Qxe7
21. d5 cxd5 22. Qxb5 Qc7 23. Rc1 Bc6 24. Qd3 Rab8 25. b3 Qa5 26. Qc2 Qb4 27.
Red1 Qa3 28. Rd2 Rb4 29. Qb2 Qxb2 30. Rxb2 Rdb8 31. Rcb1 Kf8 32. a3 R4b7 33. b4
Bb5 34. f4 Ke7 35. Kf2 Kd7 36. Ke3 Kc6 37. Kd4 Re7 38. Re1 Rbe8 39. Rb3 Bc4 40.
Rbe3 g6 41. g4 a5 42. f5 axb4 43. axb4 Kb5 44. fxe6 fxe6 45. g5 Rf8 46. Rxe6
Rf4+ 47. Ke5 Rxe6+ 48. Kxe6 d4+ 49. Ke5 Rf2 50. c6 Kb6 51. Be4 d3 52. c7 Rf8
53. Kd4 d2 54. Rd1 Bb3 55. Rxd2 Kxc7 56. Rd3 Ba4 57. Rh3 Rf7 58. Bd5 Rf5 59.
Kc5 Rxg5 60. Rxh7+ Kd8 61. Kd6 Rf5 62. Rh8+ Be8 63. b5 Rh5 64. Rxh5 gxh5 65. b6
Kc8 66. h4 Bg6 67. Bf3 Bf5 68. Ke5 Bh3 69. Kf4 Bf1 70. Kg5 Ba6 71. Kxh5 Kd7 72.
Kg6 Ke7 73. Kg7 1-0

[Event "2nd Yerevan Open"]
[Site "?"]
[Date "2017.09.25"]
[Round "7.29"]
[White "Martirosyan , Garik"]
[Black "Demianjuk , Alexander"]
[Result "1/2-1/2"]
[WhiteElo "2018"]
[BlackElo "2330"]
[PlyCount "72"]

1. d4 Nf6 2. c4 g6 3. Nc3 d5 4. cxd5 Nxd5 5. e4 Nxc3 6. bxc3 Bg7 7. Bc4 O-O 8.
Ne2 b6 9. Be3 Bb7 10. f3 e6 11. O-O Nd7 12. Qd2 c5 13. e5 Rc8 14. Rac1 Re8 15.
h4 Nb8 16. h5 Ba6 17. Bxa6 Nxa6 18. Ng3 cxd4 19. cxd4 Rxc1 20. Rxc1 Nc7 21. Ne4
Nd5 22. hxg6 hxg6 23. Bh6 Qd7 24. Nd6 Rb8 25. Kf2 Bh8 26. Rh1 Nf6 27. g4 Nh7
28. Kg3 Rd8 29. g5 Qe7 30. Qf4 Rd7 31. a4 Rc7 32. Qe4 Qd8 33. Qh4 Rc3 34. Qf4
Rc7 35. Nb5 Rd7 36. Nd6 Rc7 1/2-1/2

[Event "2nd Yerevan Open"]
[Site "?"]
[Date "2017.09.25"]
[Round "7.32"]
[White "Muradyan, Robert"]
[Black "Tiraturyan, David"]
[Result "1-0"]
[WhiteElo "1846"]
[BlackElo "2316"]
[PlyCount "87"]

1. c4 Nf6 2. Nc3 c6 3. Nf3 d5 4. e3 a6 5. b3 Bf5 6. Bb2 e6 7. Be2 h6 8. O-O
Nbd7 9. d3 Bh7 10. a3 Be7 11. b4 O-O 12. d4 b5 13. c5 a5 14. Bd3 Ne4 15. Bxe4
dxe4 16. Nd2 Nf6 17. Nb3 axb4 18. axb4 Nd5 19. Rxa8 Qxa8 20. Nxd5 exd5 21. Qc2
f5 22. Ra1 Qc8 23. Ra7 Bg5 24. Bc1 f4 25. exf4 e3 26. Qe2 Bxf4 27. Bxe3 Bxh2+
28. Kh1 Bb8 29. Re7 Qd8 30. Bxh6 Be4 31. Rxg7+ Kh8 32. Rg5 Bg6 33. Bxf8 Qxg5
34. Bd6 Bxd6 35. cxd6 Be4 36. f3 Qh6+ 37. Kg1 Qxd6 38. fxe4 Qxb4 39. Qe3 dxe4
40. Nc5 Qb1+ 41. Kh2 b4 42. Qxe4 Qc1 43. Qe5+ Kh7 44. Qf5+ 1-0

[Event "2nd Yerevan Open"]
[Site "?"]
[Date "2017.09.25"]
[Round "7.31"]
[White "Gevorghyan, David"]
[Black "Barseghyan, Armen"]
[Result "1/2-1/2"]
[WhiteElo "2320"]
[BlackElo "2020"]
[PlyCount "191"]

1. d4 d5 2. c4 e6 3. Nc3 c6 4. Nf3 f5 5. Bf4 Nf6 6. e3 Bd6 7. Bd3 O-O 8. O-O
Ne4 9. Bxd6 Qxd6 10. Ne5 Nd7 11. f4 b6 12. Rc1 Bb7 13. Nxe4 fxe4 14. Nxd7 Qxd7
15. Be2 Qe7 16. c5 b5 17. a4 a6 18. Qd2 Qc7 19. axb5 axb5 20. Ra1 Rfb8 21. Qb4
g6 22. Rfb1 Bc8 23. Qe1 Bd7 24. Rxa8 Rxa8 25. Ra1 Qb7 26. Ra5 Ra6 27. Qa1 Bc8
28. Rxa6 Qxa6 29. Qxa6 Bxa6 30. Kf2 Kf7 31. Ke1 Ke7 32. Kd2 Bc8 33. Kc3 Kd7 34.
Kb4 Kc7 35. Ka5 Bd7 36. Ka6 Bc8+ 37. Ka5 Bd7 38. h4 Kb7 39. h5 Ka7 40. Bd1 Kb7
41. g3 Ka7 42. Be2 Kb7 43. Kb4 Ka7 44. Kc3 Kb8 45. Kc2 Kc7 46. Kd2 Kd8 47. Bd1
Ke7 48. Ke1 Kf6 49. g4 Ke7 50. Be2 Kf6 51. Kd1 Ke7 52. Kd2 Kd8 53. Bd1 Ke7 54.
Ke1 Kf6 55. Kf2 Bc8 56. Kg3 Bd7 57. Be2 Bc8 58. Kg2 Bd7 59. Kf2 Bc8 60. Ke1 Bd7
61. Kf1 Bc8 62. Kg1 Bd7 63. Kg2 Bc8 64. Kf2 Bd7 65. Ke1 Ke7 66. Bd1 Bc8 67. Kd2
Bd7 68. Be2 Kd8 69. Kd1 Ke7 70. Ke1 Kd8 71. Kd2 Ke7 72. g5 Kd8 73. Kc3 Kc7 74.
Kb4 Kb7 75. Ka5 Ka7 76. Kb4 Kb7 77. h6 Kc7 78. Ka5 Kb7 79. Bg4 Ka7 80. Bh3 Kb7
81. Kb4 Ka7 82. Bf1 Kb7 83. Be2 Kc7 84. Bh5 Be8 85. Bd1 Bd7 86. Ka5 Kb7 87. Bh5
Be8 88. Bg4 Bd7 89. Be2 Ka7 90. Bg4 Kb7 91. Bh5 Be8 92. Be2 Bd7 93. Kb4 Kc7 94.
Bf1 Kb7 95. b3 Kc7 96. Be2 1/2-1/2

[Event "2nd Yerevan Open"]
[Site "?"]
[Date "2017.09.25"]
[Round "7.32"]
[White "Gevorgyan , Maria"]
[Black "Boyajyan , Hayk"]
[Result "1-0"]
[WhiteElo "2294"]
[BlackElo "1848"]
[PlyCount "105"]

1. e4 c5 2. Nc3 d6 3. g3 g6 4. Bg2 Bg7 5. d3 Nc6 6. Nge2 Rb8 7. Be3 b5 8. Qd2
b4 9. Nd1 Qb6 10. O-O e6 11. h3 Nge7 12. Bh6 O-O 13. Bxg7 Kxg7 14. Ne3 Ba6 15.
Ng4 f5 16. Ne3 Nd4 17. f3 Nxe2+ 18. Qxe2 f4 19. gxf4 Rxf4 20. Rf2 Nc6 21. Bh1
Rbf8 22. Qd2 Rh4 23. Ng2 Rh6 24. Kh2 Ne5 25. Ne3 Qd8 26. f4 Qh4 27. Kg1 Nc6 28.
Bg2 Bc8 29. Raf1 Ne7 30. Rf3 Rh5 31. Qe2 d5 32. c3 bxc3 33. bxc3 Qf6 34. Qc2
Ba6 35. R1f2 c4 36. Qa4 Bb7 37. Qxa7 dxe4 38. Rg3 Rb5 39. dxe4 Ra8 40. Qd4 Qxd4
41. cxd4 c3 42. Nc4 Rb1+ 43. Kh2 Rc1 44. Nd6 Ba6 45. f5 Rf8 46. f6+ Rxf6 47.
Ne8+ Kf7 48. Nxf6 c2 49. Rc3 Bd3 50. Nd7+ Ke8 51. Nf6+ Kf7 52. Nd5+ Ke8 53. Nb4
1-0

[Event "2nd Yerevan Open"]
[Site "?"]
[Date "2017.09.25"]
[Round "7.33"]
[White "Melkonyan , Arshak"]
[Black "Chibukhchian, Artur"]
[Result "1/2-1/2"]
[WhiteElo "2064"]
[BlackElo "2417"]
[PlyCount "92"]

1. d4 g6 2. c4 Bg7 3. Nc3 c5 4. d5 d6 5. e4 Nf6 6. f3 O-O 7. Be3 e6 8. Qd2 exd5
9. cxd5 a6 10. a4 Nbd7 11. Nge2 Qa5 12. Ng3 h5 13. Bg5 b5 14. Be2 c4 15. O-O b4
16. Na2 Nh7 17. Bh6 c3 18. bxc3 bxc3 19. Qe3 Bxh6 20. Qxh6 Qxa4 21. Rfc1 Qd4+
22. Kh1 c2 23. Nf1 Nc5 24. Qd2 Nb3 25. Qxd4 Nxd4 26. Bc4 f5 27. Nb4 fxe4 28.
fxe4 Re8 29. Nd2 Nf6 30. Nxc2 Nxc2 31. Rxc2 Nxe4 32. Nxe4 Rxe4 33. Bd3 Rd4 34.
Bxg6 Bb7 35. Bxh5 Bxd5 36. Rc3 a5 37. Rg3+ Kh7 38. Bf3 a4 39. Bxd5 Rxd5 40. h3
Rda5 41. Raa3 d5 42. Rg4 R8a6 43. Kg1 Kh6 44. Rag3 Kh7 45. Rg7+ Kh6 46. R7g4
Kh7 1/2-1/2

[Event "2nd Yerevan Open"]
[Site "?"]
[Date "2017.09.25"]
[Round "7.34"]
[White "Kursova , Maria"]
[Black "Yeremyan , Alen"]
[Result "0-1"]
[WhiteElo "2280"]
[BlackElo "2060"]
[PlyCount "98"]

1. d4 Nf6 2. Nf3 g6 3. c4 Bg7 4. g3 O-O 5. Bg2 d6 6. Nc3 c6 7. O-O Qb6 8. b3
Qa5 9. Bb2 Qh5 10. h4 h6 11. Qd2 Ng4 12. e4 Nd7 13. Ne2 e5 14. dxe5 dxe5 15.
Ba3 Re8 16. Rad1 f5 17. exf5 gxf5 18. Qc2 Qf7 19. Nh2 Nxh2 20. Kxh2 Nf6 21. Bd6
Ng4+ 22. Kg1 Be6 23. Nc3 Rad8 24. c5 a5 25. Rfe1 e4 26. Ne2 a4 27. Rb1 axb3 28.
axb3 Ra8 29. Bf4 Ra3 30. Nc1 Bd4 31. Be3 Nxe3 32. fxe3 Be5 33. g4 Qg7 34. Qe2
f4 35. exf4 Bxg4 36. Qc4+ Be6 37. Qb4 Bd4+ 38. Kf1 Raa8 39. Ne2 Bf6 40. Rbd1
Bd5 41. Rd2 Kh8 42. Red1 Rg8 43. Bxe4 Qg4 44. Rd3 Ra2 45. R1d2 Ra1+ 46. Rd1
Rxd1+ 47. Rxd1 Re8 48. Rd4 Bxe4 49. Rxe4 Qf3+ 0-1

[Event "2nd Yerevan Open"]
[Site "?"]
[Date "2017.09.25"]
[Round "7.35"]
[White "Manukyan , Aleks"]
[Black "Karatorossian , David"]
[Result "1/2-1/2"]
[WhiteElo "2003"]
[BlackElo "2250"]
[PlyCount "83"]

1. d4 Nf6 2. c4 c5 3. d5 e6 4. Nc3 exd5 5. cxd5 d6 6. e4 g6 7. Bd3 Bg7 8. h3
O-O 9. Nf3 a6 10. a4 Nbd7 11. O-O Re8 12. Bf4 Nh5 13. Bg5 Bf6 14. Be3 Ne5 15.
Be2 Nxf3+ 16. Bxf3 Ng7 17. a5 Bd7 18. Re1 Be5 19. Qd2 Rb8 20. Na4 f5 21. Nb6
Bb5 22. Bg5 Qc7 23. Bf4 Bxf4 24. Qxf4 fxe4 25. Bxe4 Re5 26. Re3 Nh5 27. Qh2
Rbe8 28. Rae1 Nf6 29. Bf3 Rxe3 30. Rxe3 Rxe3 31. fxe3 Nd7 32. Nxd7 Qxd7 33. Bg4
Qe7 34. Qf4 Kg7 35. e4 Bd3 36. Be6 g5 37. Qe3 Bb5 38. e5 h6 39. Qc3 Kg6 40.
Qc2+ Kg7 41. Qf5 Be8 42. Qe4 1/2-1/2

[Event "2nd Yerevan Open"]
[Site "?"]
[Date "2017.09.25"]
[Round "7.36"]
[White "Khachikyan , Haik"]
[Black "Ghukasyan , Siranush"]
[Result "1/2-1/2"]
[WhiteElo "1896"]
[BlackElo "2218"]
[PlyCount "67"]

1. e4 e5 2. Nc3 Nc6 3. Bc4 Nf6 4. d3 h6 5. f4 Bc5 6. Nf3 Qe7 7. Qe2 a6 8. Nd5
Nxd5 9. Bxd5 d6 10. f5 g6 11. fxg6 fxg6 12. Be3 Bxe3 13. Bxc6+ bxc6 14. Qxe3 c5
15. O-O Be6 16. Nd2 g5 17. Rf2 Kd7 18. Raf1 Rab8 19. Nc4 Rhf8 20. b3 Rf4 21. g3
Rg8 22. Qd2 Rff8 23. Ne3 h5 24. Nf5 Bxf5 25. Rxf5 Rxf5 26. Rxf5 Rg7 27. Qa5 Rf7
28. Qxa6 Rxf5 29. exf5 Qf6 30. Qa4+ c6 31. Qa7+ Kc8 32. Qh7 e4 33. dxe4 Qd4+
34. Kf1 1/2-1/2

[Event "2nd Yerevan Open"]
[Site "?"]
[Date "2017.09.25"]
[Round "7.37"]
[White "Machkalyan , Haik"]
[Black "Gasparian, Tigran"]
[Result "1-0"]
[WhiteElo "1890"]
[BlackElo "2208"]
[PlyCount "93"]

1. Nf3 d5 2. d4 Nf6 3. c4 dxc4 4. Nc3 e6 5. e3 c5 6. Bxc4 Nc6 7. O-O cxd4 8.
exd4 Be7 9. d5 exd5 10. Nxd5 Nxd5 11. Qxd5 Qxd5 12. Bxd5 O-O 13. Bg5 Bxg5 14.
Nxg5 h6 15. Ne4 Bf5 16. Nc5 Rad8 17. Rfd1 b6 18. Nb7 Bc2 19. Nxd8 Rxd8 20. Rd2
Be4 21. Bxe4 Rxd2 22. Bxc6 Rxb2 23. Bd5 b5 24. Rc1 Rd2 25. Bb3 a5 26. g3 a4 27.
Rc8+ Kh7 28. Bxf7 b4 29. Ra8 a3 30. Rc8 g5 31. Bb3 Rd6 32. Rc4 Rb6 33. g4 Kg7
34. Ba4 Kf6 35. Rc6+ Rxc6 36. Bxc6 b3 37. Bd5 b2 38. Be4 Ke5 39. Bb1 Kd4 40.
Kf1 Kc3 41. Ke2 Kd4 42. Kd2 Ke5 43. Ke3 Kd5 44. f4 gxf4+ 45. Kxf4 Kd4 46. h4
Kc3 47. Ke3 1-0

[Event "2nd Yerevan Open"]
[Site "?"]
[Date "2017.09.25"]
[Round "7.38"]
[White "Matevosyan , Sedrak"]
[Black "Yeritsyan , Hayk"]
[Result "0-1"]
[WhiteElo "2202"]
[BlackElo "2078"]
[PlyCount "48"]

1. d4 Nf6 2. Nf3 g6 3. c4 Bg7 4. Nc3 O-O 5. e4 d6 6. Be2 e5 7. O-O Nc6 8. d5
Ne7 9. a4 a5 10. Ne1 Nd7 11. Nd3 f5 12. f3 b6 13. b3 Nf6 14. Ba3 Bh6 15. b4
Be3+ 16. Nf2 Bd4 17. Rc1 axb4 18. Bxb4 Bd7 19. exf5 Nxf5 20. Qb3 Ne3 21. Rfe1
Nfg4 22. Nce4 Nxf2 23. Nxf2 Qg5 24. Bf1 Ng4 0-1

[Event "2nd Yerevan Open"]
[Site "?"]
[Date "2017.09.25"]
[Round "7.39"]
[White "Mkrtchyan , Mariam"]
[Black "Babayan , Armine"]
[Result "0-1"]
[WhiteElo "1794"]
[BlackElo "2168"]
[PlyCount "116"]

1. d4 Nf6 2. Nf3 b6 3. g3 Bb7 4. Bg2 e6 5. O-O c5 6. c4 cxd4 7. Qxd4 Bc5 8. Qf4
O-O 9. Nc3 d5 10. Rd1 Qe7 11. Qh4 h6 12. a3 Ne4 13. Qxe7 Bxe7 14. Nxe4 dxe4 15.
Ne5 Rd8 16. Rxd8+ Bxd8 17. Bf4 f6 18. Nd3 f5 19. Rd1 Nc6 20. Nb4 Bf6 21. Nxc6
Bxc6 22. Rd2 Ba4 23. f3 exf3 24. exf3 Rc8 25. Bf1 Bb3 26. Rd7 Bxb2 27. Rxa7
Bd4+ 28. Kg2 e5 29. Rd7 Bxc4 30. Bd2 Bxf1+ 31. Kxf1 Rc2 32. Ke1 Ra2 33. f4 Ba1
34. fxe5 Bxe5 35. Rd5 Bb2 36. Rb5 Bd4 37. Rxf5 Rxa3 38. Bf4 Ra2 39. h4 Rb2 40.
Rd5 Bf6 41. Kd1 Kf7 42. Rd7+ Ke6 43. Rb7 Bd4 44. Rb8 Kd5 45. Kc1 Rg2 46. Rb7
Kc4 47. Kb1 Kc3 48. Rc7+ Kb3 49. Kc1 b5 50. Kd1 Bc3 51. Rb7 b4 52. Rb8 Rg1+ 53.
Ke2 Kc2 54. Rc8 b3 55. Kf2 Rd1 56. Be5 Rd2+ 57. Kf1 Rd3 58. Bxg7 b2 0-1

[Event "2nd Yerevan Open"]
[Site "?"]
[Date "2017.09.25"]
[Round "7.40"]
[White "Gaboyan , Susanna"]
[Black "Ziroyan , David"]
[Result "0-1"]
[WhiteElo "2166"]
[BlackElo "2055"]
[PlyCount "138"]

1. d4 Nf6 2. Nf3 g6 3. Bf4 c5 4. e3 Qb6 5. Qc1 cxd4 6. exd4 Bg7 7. c3 Nh5 8.
Be3 O-O 9. Bc4 Kh8 10. O-O Qc7 11. Bb3 Nc6 12. Nbd2 f5 13. Nc4 f4 14. Bd2 b5
15. Nce5 Nxe5 16. Nxe5 d6 17. Nf3 e5 18. Re1 Bb7 19. Ng5 Qd7 20. f3 Rae8 21. a4
h6 22. Ne4 Bxe4 23. fxe4 f3 24. gxf3 Rxf3 25. Re2 Ref8 26. Rg2 Qh3 27. axb5 Ng3
28. Bc4 Nxe4 29. Qe1 Nxd2 30. Qxd2 exd4 31. cxd4 R3f4 32. Qc2 Bxd4+ 33. Kh1 g5
34. Re1 Rf2 35. Rxf2 Bxf2 36. Bf1 Qg4 37. Qc3+ Bd4 38. Qg3 Qxg3 39. hxg3 Bxb2
40. Bc4 Be5 41. Kg2 Rc8 42. Re4 Kg7 43. g4 Kf6 44. Bd5 Rc5 45. Bc6 d5 46. Ra4
Rc4 47. Rxa7 Rxg4+ 48. Kf3 Rb4 49. Be8 g4+ 50. Ke2 Kg5 51. Re7 Bf6 52. Re6 Rb2+
53. Kf1 g3 54. Re2 Rxe2 55. Kxe2 Kf4 56. b6 Bd4 57. b7 Ba7 58. Bf7 d4 59. Bg6
Kg4 60. Kf1 Kh3 61. b8=Q Bxb8 62. Kg1 Kg4 63. Kg2 Kf4 64. Bh5 Ke3 65. Kf1 Kd2
66. Bg4 d3 67. Bf5 h5 68. Bg6 h4 69. Bf5 Bc7 0-1

[Event "2nd Yerevan Open"]
[Site "?"]
[Date "2017.09.25"]
[Round "7.41"]
[White "Der Manuelian , Haik"]
[Black "Harutyunyan , Erik"]
[Result "1/2-1/2"]
[WhiteElo "2139"]
[BlackElo "2031"]
[PlyCount "71"]

1. e4 e6 2. d4 d5 3. Nc3 dxe4 4. Nxe4 Nf6 5. Bg5 Be7 6. Nxf6+ Bxf6 7. Bxf6 Qxf6
8. Nf3 O-O 9. Bd3 c5 10. c3 cxd4 11. Nxd4 e5 12. Ne2 Bf5 13. Bxf5 Qxf5 14. Ng3
Qe6 15. O-O Nc6 16. Qa4 Rad8 17. Rfd1 h6 18. Ne4 Qe7 19. Qc4 Kh8 20. Qc5 Qxc5
21. Nxc5 Rxd1+ 22. Rxd1 Rd8 23. Rxd8+ Nxd8 24. f3 b6 25. Nd3 f6 26. Kf2 Kg8 27.
Ke3 Kf7 28. g4 g6 29. f4 Ke6 30. fxe5 fxe5 31. c4 Nb7 32. Nb4 h5 33. gxh5 gxh5
34. Nd3 Nd6 35. b3 Kf5 36. c5 1/2-1/2

[Event "2nd Yerevan Open"]
[Site "?"]
[Date "2017.09.25"]
[Round "7.42"]
[White "Mkrtchyan , Sargis R."]
[Black "Sayadyan , Edvard"]
[Result "1-0"]
[WhiteElo "2115"]
[BlackElo "2011"]
[PlyCount "93"]

1. e4 c5 2. Nf3 d6 3. d4 cxd4 4. Nxd4 Nf6 5. f3 e6 6. c4 Be7 7. Nc3 a6 8. Be3
O-O 9. Be2 Qc7 10. O-O Nbd7 11. Qd2 b6 12. a4 Bb7 13. a5 bxa5 14. Nb3 Rab8 15.
Nxa5 Ba8 16. Rfc1 Rfd8 17. Nd5 exd5 18. cxd5 Nc5 19. b4 Ncxe4 20. fxe4 Qd7 21.
Nc6 Nxe4 22. Qd3 Nf6 23. Rxa6 Bf8 24. Nxb8 Rxb8 25. Bf3 Qe8 26. Rb6 Rd8 27. Bg5
Qe5 28. Bxf6 gxf6 29. Ra6 Bh6 30. Rb1 Kh8 31. Ra3 Bf4 32. h3 Qg5 33. b5 Re8 34.
b6 Qg3 35. Be4 Qh2+ 36. Kf2 Bb7 37. Qf3 f5 38. Bxf5 Re5 39. Qh5 Kg7 40. Qxh7+
Kf6 41. Be4 Rg5 42. Qh8+ Ke7 43. Rc3 Bg3+ 44. Kf3 Bxd5 45. Rc7+ Ke6 46. Qe8+
Kf6 47. Qe7+ 1-0

[Event "2nd Yerevan Open"]
[Site "?"]
[Date "2017.09.25"]
[Round "7.43"]
[White "Hakobyan , Hakob V."]
[Black "Marzoughi , Mohammadsadegh"]
[Result "1/2-1/2"]
[WhiteElo "2102"]
[BlackElo "1954"]
[PlyCount "68"]

1. Nf3 d5 2. g3 Bg4 3. Bg2 e6 4. c4 Bxf3 5. Bxf3 c6 6. O-O Bd6 7. Qb3 Qc7 8. d4
dxc4 9. Qxc4 Nd7 10. Nc3 Ngf6 11. e4 e5 12. d5 Nb6 13. Qd3 O-O 14. Bg5 Be7 15.
Be3 Rfd8 16. Rac1 Rd7 17. Qe2 Qd8 18. dxc6 bxc6 19. Rfd1 Rxd1+ 20. Rxd1 Qc7 21.
Qa6 Nfd7 22. Bg4 Nc5 23. Qa5 Qb7 24. Bxc5 Nc4 25. Qa4 Nxb2 26. Rd7 Qxd7 27.
Bxd7 Nxa4 28. Nxa4 Bxc5 29. Nxc5 Rd8 30. Kf1 Kf8 31. Ke1 Ke7 32. Bh3 Rd4 33. f3
Rc4 34. Nd3 Rc2 1/2-1/2

[Event "2nd Yerevan Open"]
[Site "?"]
[Date "2017.09.25"]
[Round "7.44"]
[White "Santryan, Davit"]
[Black "Khachatrian , Arbi"]
[Result "1-0"]
[WhiteElo "2085"]
[BlackElo "1889"]
[PlyCount "107"]

1. d4 Nf6 2. Nf3 g6 3. g3 Bg7 4. Bg2 O-O 5. O-O c5 6. dxc5 Na6 7. Be3 Qc7 8.
Nc3 Nxc5 9. Nb5 Qa5 10. Bxc5 Qxb5 11. Bxe7 Re8 12. Ba3 Qh5 13. h3 d6 14. g4
Bxg4 15. hxg4 Nxg4 16. Qd3 Re6 17. Bb4 Be5 18. Rfe1 Bh2+ 19. Kf1 Rf6 20. Bc3
Rf4 21. e4 Re8 22. Re2 Ne5 23. Bxe5 dxe5 24. Nxh2 Qxh2 25. Qh3 Qxh3 26. Bxh3
Rd8 27. Kg2 h5 28. Rae1 Kg7 29. Re3 Rd2 30. R1e2 Rd1 31. Rb3 b6 32. Ra3 a5 33.
f3 g5 34. Bf5 g4 35. fxg4 hxg4 36. Rg3 Rff1 37. Rxg4+ Kf6 38. Rg3 Rh1 39. Kf3
b5 40. Ke3 b4 41. Rd2 Rhe1+ 42. Kd3 Ra1 43. c3 Rxa2 44. cxb4 axb4 45. Kc4 Rc1+
46. Kxb4 Ra8 47. Rd6+ Ke7 48. Rb6 Rc2 49. b3 Rd8 50. Rc3 Rb2 51. Rc7+ Kf8 52.
Rbb7 Rd3 53. Rxf7+ Kg8 54. Bh7+ 1-0

[Event "2nd Yerevan Open"]
[Site "?"]
[Date "2017.09.25"]
[Round "7.45"]
[White "Davtyan , Arsen"]
[Black "Dilanyan , Grigor"]
[Result "1-0"]
[WhiteElo "1969"]
[BlackElo "2282"]
[PlyCount "69"]

1. d4 d5 2. c4 Nc6 3. e3 e5 4. cxd5 Qxd5 5. Nc3 Bb4 6. Bd2 Bxc3 7. bxc3 exd4 8.
cxd4 Nge7 9. Nf3 O-O 10. Be2 f5 11. O-O f4 12. Qa4 Kh8 13. Rac1 fxe3 14. fxe3
Bf5 15. Rc5 Qd6 16. Ne5 Be6 17. Bf3 Bd5 18. Nxc6 Bxc6 19. Qd1 Bxf3 20. Rxf3 Nd5
21. e4 Ne7 22. Be3 Ng6 23. Rcf5 Rfe8 24. Rh3 Rxe4 25. Qh5 Nh4 26. Rxh4 Rxh4 27.
Qxh4 Qe6 28. Qf2 Kg8 29. h3 b6 30. d5 Qe4 31. Kh2 c5 32. dxc6 Qxc6 33. Bd4 Rd8
34. Bxg7 Kxg7 35. Rg5+ 1-0

[Event "2nd Yerevan Open"]
[Site "?"]
[Date "2017.09.25"]
[Round "7.46"]
[White "Khachatryan,  David S."]
[Black "Hakobyan , Hovhannes H."]
[Result "0-1"]
[WhiteElo "1916"]
[BlackElo "2242"]
[PlyCount "92"]

1. e4 e6 2. d4 d5 3. Nd2 c5 4. exd5 Qxd5 5. Ngf3 cxd4 6. Bc4 Qd8 7. Nb3 Nc6 8.
Nbxd4 Nf6 9. O-O Nxd4 10. Nxd4 Bc5 11. Nb5 a6 12. Qxd8+ Kxd8 13. Rd1+ Ke7 14.
Nc3 b5 15. Be2 Bb7 16. a3 Rhd8 17. Bg5 h6 18. Bh4 Bd4 19. Rd3 Rac8 20. Rad1 e5
21. Bxf6+ gxf6 22. Bg4 Rc4 23. Be2 Rg8 24. Bf3 Bxf3 25. Rxf3 Ke6 26. a4 bxa4
27. Ne4 f5 28. Rxf5 Rxc2 29. Rf6+ Kd5 30. Nc3+ Kc4 31. Nxa4 Kb4 32. Ra1 Rgc8
33. Nc3 Rxb2 34. Nd5+ Kb3 35. Rf3+ Kc4 36. Ne3+ Kb5 37. Rxf7 Rb8 38. Rc1 a5 39.
Nc4 Rb3 40. g3 a4 41. Rd7 Kb4 42. Nd2 Rb2 43. Nc4 a3 44. Ne3 Bxe3 45. fxe3 a2
46. Rdd1 Ka3 0-1

[Event "2nd Yerevan Open"]
[Site "?"]
[Date "2017.09.25"]
[Round "7.47"]
[White "Grigoryan, Arpine"]
[Black "Grigorian, Marine"]
[Result "1/2-1/2"]
[WhiteElo "1865"]
[BlackElo "2183"]
[PlyCount "70"]

1. e4 d6 2. f4 Nf6 3. Na3 e5 4. fxe5 dxe5 5. Nf3 Nc6 6. Bb5 Bc5 7. Qe2 O-O 8.
Bxc6 bxc6 9. d3 Nh5 10. Bg5 f6 11. Be3 Nf4 12. Bxf4 exf4 13. d4 Bd6 14. Qc4+
Kh8 15. O-O-O Qe8 16. e5 Be6 17. Qa4 fxe5 18. dxe5 Bc5 19. Nc4 Be3+ 20. Kb1 Rb8
21. Ncd2 Qg6 22. Nh4 Qg4 23. Ndf3 g5 24. h3 Qg3 25. Qxc6 Rb6 26. Qxc7 gxh4 27.
Rd8 Rg8 28. Rhd1 Qxg2 29. Nxh4 Qe4 30. Qe7 Qb7 31. Qf6+ Qg7 32. Ng6+ hxg6 33.
Qh4+ Qh7 34. Qf6+ Qg7 35. Qh4+ Qh7 1/2-1/2

[Event "2nd Yerevan Open"]
[Site "?"]
[Date "2017.09.25"]
[Round "7.48"]
[White "Piliposyan, Robert"]
[Black "Simonyan, Latush"]
[Result "0-1"]
[WhiteElo "1773"]
[BlackElo "2107"]
[PlyCount "61"]

1. d4 Nf6 2. Nf3 g6 3. c4 Bg7 4. Nc3 O-O 5. Bf4 c5 6. e3 cxd4 7. exd4 d5 8. Be2
Nc6 9. O-O Bg4 10. Ne5 Bxe2 11. Nxe2 dxc4 12. Nxc4 Rc8 13. Rc1 Nd5 14. Be3 b5
15. Na3 Nxe3 16. fxe3 a6 17. Nc2 e5 18. d5 Ne7 19. e4 f5 20. Kh1 Qd6 21. exf5
gxf5 22. Nc3 b4 23. Na4 Bh6 24. Rb1 a5 25. Qe2 Nxd5 26. Rbd1 Qe6 27. Nd4 Qg6
28. Nxf5 Rxf5 29. Rxd5 Rc2 30. Rd8+ Bf8 31. Rxf8+ 0-1

[Event "2nd Yerevan Open"]
[Site "?"]
[Date "2017.09.25"]
[Round "7.49"]
[White "Tavoosi , Rad Ramtin"]
[Black "Mesropian , Khachatur"]
[Result "1-0"]
[WhiteElo "2070"]
[BlackElo "1974"]
[PlyCount "71"]

1. e4 c5 2. Nc3 Nc6 3. g3 g6 4. Bg2 Bg7 5. d3 d6 6. f4 e5 7. Nf3 Nge7 8. Be3
Nd4 9. O-O Bg4 10. Nd5 Nxd5 11. exd5 exf4 12. Bxf4 O-O 13. c3 Nxf3+ 14. Bxf3
Bxf3 15. Qxf3 Qd7 16. Rae1 h6 17. g4 Kh7 18. Bg3 Kg8 19. Re2 f5 20. Re6 f4 21.
Bf2 g5 22. Rfe1 Rae8 23. Qe4 Rxe6 24. dxe6 Qe7 25. d4 b6 26. d5 Be5 27. Qf3 Kg7
28. Kg2 Qf6 29. h4 h5 30. gxh5 Kh6 31. Kh1 Rg8 32. Qg4 Rg7 33. Rg1 Qe7 34.
hxg5+ Kh7 35. g6+ Kh8 36. h6 1-0

[Event "2nd Yerevan Open"]
[Site "?"]
[Date "2017.09.25"]
[Round "7.50"]
[White "Shahzamani , Arman"]
[Black "Rezanezhad , Hassan"]
[Result "1-0"]
[WhiteElo "2064"]
[BlackElo "1959"]
[PlyCount "83"]

1. e4 d6 2. d4 Nf6 3. Nc3 e5 4. Nf3 Nbd7 5. Bc4 Be7 6. O-O O-O 7. h3 c6 8. dxe5
dxe5 9. a4 Qc7 10. Be3 Nc5 11. Nd2 Rd8 12. Qf3 Be6 13. Bxe6 Nxe6 14. Ne2 Rd7
15. Nc4 b5 16. axb5 cxb5 17. Nb6 Rdd8 18. Nxa8 Rxa8 19. Nc3 Qb7 20. Nd5 Bd8 21.
Rfd1 a5 22. Nxf6+ Bxf6 23. Rd5 a4 24. Qe2 Rb8 25. Qd3 h5 26. c3 g6 27. Rd1 b4
28. c4 Qc8 29. Rb5 Nf4 30. Qd7 Qf8 31. Bc5 Qc8 32. Rxb8 Qxb8 33. Qxa4 Qb7 34.
f3 Qc8 35. Qxb4 Qe6 36. Rd6 Qe7 37. Rb6 Qd7 38. Rxf6 Qd1+ 39. Kh2 Qe2 40. Qb8+
Kg7 41. Rxf7+ Kxf7 42. Qf8+ 1-0

[Event "2nd Yerevan Open"]
[Site "?"]
[Date "2017.09.25"]
[Round "7.51"]
[White "Israyelyan, Eduard"]
[Black "Gesyan, Suren"]
[Result "1-0"]
[WhiteElo "1854"]
[BlackElo "2063"]
[PlyCount "81"]

1. Nf3 Nf6 2. c4 g6 3. Nc3 d5 4. e3 Bg7 5. b3 O-O 6. Bb2 c5 7. d4 cxd4 8. exd4
e6 9. Be2 b6 10. O-O Bb7 11. Qd2 Nc6 12. Rfd1 Rc8 13. Rac1 Qc7 14. h3 Rfd8 15.
Qe3 Qb8 16. Ne5 dxc4 17. bxc4 Nxe5 18. dxe5 Ne8 19. f4 Qa8 20. Bf1 Bf8 21. Kh2
Bc5 22. Qg3 Ng7 23. Rxd8+ Rxd8 24. Rd1 Nf5 25. Rxd8+ Qxd8 26. Qd3 Qd4 27. Qxd4
Bxd4 28. Nd1 Be3 29. g3 Bf3 30. Nxe3 Nxe3 31. Bd3 Bc6 32. g4 Ng2 33. Kg3 Ne1
34. Be2 g5 35. fxg5 Be4 36. Bc3 Nc2 37. Kf4 Bg6 38. h4 Na3 39. Bb2 Nb1 40. h5
Bc2 41. Ke3 1-0